Mystery Gifts - Sudden Death - Statistics

General Stats
  • This quiz has been taken 2,036 times
    776 since last reset
  • The average score is 5 of 25
Answers on the Grid
Answers color-coded by a green-red scale on the quiz's grid according to % correct below.
 
Answer Stats
Answer % Correct
24%
24%
23%
23%
22%
22%
22%
21%
21%
21%
21%
20%
20%
20%
20%
20%
19%
19%
18%
18%
17%
17%
17%
17%
14%
No matching quizzes found
Score Distribution
Percent of People with Each Score
Percentile by Number Answered
Your Score History
You have not taken this quiz since the last reset